000 00526nam a2200205Ia 4500
005 20250508164034.0
008 008 250505s9999 xx 000 0 eng d
020 _a0-415-10091-7
037 _aTextual
040 _aFEDL
_beng
_cFEDL
041 _aeng
_2eng
084 _a121, LOC
_qFEDL
100 _aLowe E J
245 0 _aLocke: On human understanding
260 _aLondon, UK
_bRoutledge
_c1995
300 _ax,203p.
650 _aPhilosophy
942 _cTEXL
_h121, LOC
999 _c1386712
_d1386712